000 00425nam a2200181Ia 4500
001 24223
005 20260414151029.0
008 260414t2017||||xx |||||||||||||| ||spa||
041 _aESP
082 _a796.334
_bF89
100 _aFuentes Pastor, Hélard André
_eAUT
245 0 _aGol rojinegro
_b
260 _c2017
300 _a126 páginas :
_c20 cm.
650 _aABD
654 _aCAU
942 _cLIB
_dJUS
_fJUS
_2ddc
_n
999 _c24223
_d24223